Alexandros és a barbár nők

Elmentve itt :
Bibliográfiai részletek
Szerző: Munding Márta
Dokumentumtípus: Cikk
Megjelent: 2006
Sorozat:Aetas 21 No. 2
Kulcsszavak:Nagy Sándor - Macedónia - király - Nagy, Makedónia története - i. e. 4. sz. - életrajz
Online Access:http://acta.bibl.u-szeged.hu/41267
LEADER 00651nab a2200181 i 4500
001 acta41267
005 20260224081030.0
008 170801s2006 hu o 000 hun d
022 |a 0237-7934 
040 |a SZTE Egyetemi Kiadványok Repozitórium  |b hun 
041 |a hun 
100 1 |a Munding Márta 
245 1 0 |a Alexandros és a barbár nők  |h [elektronikus dokumentum] /  |c  Munding Márta 
260 |c 2006 
300 |a 44-58 
490 0 |a Aetas  |v 21 No. 2 
695 |a Nagy Sándor - Macedónia - király - Nagy, Makedónia története - i. e. 4. sz. - életrajz 
856 4 0 |u http://acta.bibl.u-szeged.hu/41267/1/aetas_2006_002_003_044-058.pdf  |z Dokumentum-elérés